|
|
|
|
| LEADER |
03137nam a22006015i 4500 |
| 001 |
978-3-319-27436-2 |
| 003 |
DE-He213 |
| 005 |
20151217141703.0 |
| 007 |
cr nn 008mamaa |
| 008 |
151216s2015 gw | s |||| 0|eng d |
| 020 |
|
|
|a 9783319274362
|9 978-3-319-27436-2
|
| 024 |
7 |
|
|a 10.1007/978-3-319-27436-2
|2 doi
|
| 040 |
|
|
|d GrThAP
|
| 050 |
|
4 |
|a QA76.9.L63
|
| 050 |
|
4 |
|a QA76.5913
|
| 050 |
|
4 |
|a QA76.63
|
| 072 |
|
7 |
|a UM
|2 bicssc
|
| 072 |
|
7 |
|a UYF
|2 bicssc
|
| 072 |
|
7 |
|a COM051000
|2 bisacsh
|
| 072 |
|
7 |
|a COM036000
|2 bisacsh
|
| 082 |
0 |
4 |
|a 005.1015113
|2 23
|
| 245 |
1 |
0 |
|a Logic-Based Program Synthesis and Transformation
|h [electronic resource] :
|b 25th International Symposium, LOPSTR 2015, Siena, Italy, July 13-15, 2015. Revised Selected Papers /
|c edited by Moreno Falaschi.
|
| 250 |
|
|
|a 1st ed. 2015.
|
| 264 |
|
1 |
|a Cham :
|b Springer International Publishing :
|b Imprint: Springer,
|c 2015.
|
| 300 |
|
|
|a XVII, 385 p. 88 illus. in color.
|b online resource.
|
| 336 |
|
|
|a text
|b txt
|2 rdacontent
|
| 337 |
|
|
|a computer
|b c
|2 rdamedia
|
| 338 |
|
|
|a online resource
|b cr
|2 rdacarrier
|
| 347 |
|
|
|a text file
|b PDF
|2 rda
|
| 490 |
1 |
|
|a Lecture Notes in Computer Science,
|x 0302-9743 ;
|v 9527
|
| 505 |
0 |
|
|a Semantics of Logic Languages -- Ecient compilation of functional logic programs -- Types and security -- Optimization -- Static analysis -- Automated Verication -- Program debugging and slicing -- Smart Environments -- Program Transformation -- Constraint Solving and Programming. .
|
| 520 |
|
|
|a This book constitutes the thoroughly refereed post-conference proceedings of the 25th International Symposium on Logic-Based Program Synthesis and Transformation, LOPSTR 2015, held in Siena, Italy, in July 2015. The 21 revised full papers presented together with 3 invited talks were carefully reviewed and selected from 30 submissions. The aim of the LOPSTR series is to stimulate and promote international research and collaboration on logic-based program development. LOPSTR is open to contributions in all aspects of logic-based program development, all stages of the software life cycle, and issues of both programming-in-the-small and programming-in-the-large.
|
| 650 |
|
0 |
|a Computer science.
|
| 650 |
|
0 |
|a Software engineering.
|
| 650 |
|
0 |
|a Computer logic.
|
| 650 |
|
0 |
|a Mathematical logic.
|
| 650 |
|
0 |
|a Computer science
|x Mathematics.
|
| 650 |
|
0 |
|a Artificial intelligence.
|
| 650 |
1 |
4 |
|a Computer Science.
|
| 650 |
2 |
4 |
|a Logics and Meanings of Programs.
|
| 650 |
2 |
4 |
|a Software Engineering/Programming and Operating Systems.
|
| 650 |
2 |
4 |
|a Mathematical Logic and Formal Languages.
|
| 650 |
2 |
4 |
|a Artificial Intelligence (incl. Robotics).
|
| 650 |
2 |
4 |
|a Discrete Mathematics in Computer Science.
|
| 700 |
1 |
|
|a Falaschi, Moreno.
|e editor.
|
| 710 |
2 |
|
|a SpringerLink (Online service)
|
| 773 |
0 |
|
|t Springer eBooks
|
| 776 |
0 |
8 |
|i Printed edition:
|z 9783319274355
|
| 830 |
|
0 |
|a Lecture Notes in Computer Science,
|x 0302-9743 ;
|v 9527
|
| 856 |
4 |
0 |
|u http://dx.doi.org/10.1007/978-3-319-27436-2
|z Full Text via HEAL-Link
|
| 912 |
|
|
|a ZDB-2-SCS
|
| 912 |
|
|
|a ZDB-2-LNC
|
| 950 |
|
|
|a Computer Science (Springer-11645)
|